• 首页
  • 本馆介绍
  • 公告通知
  • 最新文献
  • 馆藏检索
  • 电子资源
  • 读者导购
  • 参考咨询
  • 我的图书馆
  • 登录
  • 详细信息显示
  • 放入我的书架
  • 预约/预借图书
  • 作者相关作品
  • 分类相关作品
  • 丛书相关作品
  • 出版社相关作品

书目信息

  • 表格格式
  • 工作单格式
  • 卡片格式
题名:
中国淡水藻志
    
 
作者: 王全喜 主编 ;中科院 编辑
分册: 第十一卷   黄藻门
出版信息: 北京   科学出版社  2007
页数: 18,130页
开本: 26cm
丛书名:
单 册:
中图分类: Q949.2 , Q949.25
科图分类:
主题词: 藻类--植物志--中国 , 黄藻门--植物志--中国 , 藻类 , 植物志 , 黄藻门
电子资源:
ISBN: 978-7-03-017419-2
000 01356nam0 2200337 450
001 003428315
005 20080305094035.01
010    @a978-7-03-017419-2@b精装@dCNY69.00
035    @a003428315
100    @a20070327d2007 emky0chiy0110 ea
101 0  @achi@eeng
102    @aCN@b110000
105    @aa z 001yy
106    @ar
200 1  @a中国淡水藻志@Azhong guo dan shui zao zhi@h第十一卷@i黄藻门@dFlora algarum sinicarum aquae dulcis@hTomus XI@iXanthophyta@f王全喜主编@g中国科学院中国孢子植物志编辑委员会编辑@zeng
210    @a北京@c科学出版社@d2007
215    @a18,130页@c图@d26cm
300    @a中国科学院知识创新工程重大项目 国家自然科学基金重大项目(国家自然科学基金委员会 中国科学院 国家科学技术部资助)
330    @a本书记述了我国黄藻门植物5目11科21属86种5变种3变型,每个种、变种和变型都有形态描述、产地、分布和丰富得插图,所有得插图都是根据我国标本绘制的。书后附有英文检索表、参考文献、索引等。
510 1  @aFlora algarum sinicarum aquae dulcis@hTomus XI@iXanthophyta@zeng
606 0  @a藻类@x植物志@y中国
606 0  @a黄藻门@x植物志@y中国
606 0  @a藻类
606 0  @a植物志
606 0  @a黄藻门
690    @aQ949.2@v4
690    @aQ949.25@v4
701  0 @a王全喜@Awang quan xi@c(植物学)@4主编
712 02 @a中科院@Azhong ke yuan@b中国孢子植物志编委会@4编辑
801  0 @aCN@bNLC@c20080305
905    @dQ949.2@e182:11@f2
    
    中国淡水藻志.第十一卷.黄藻门=Flora algarum sinicarum aquae dulcis.Tomus XI.Xanthophyta/王全喜主编/中国科学院中国孢子植物志编辑委员会编辑.-北京:科学出版社,2007
    18,130页:图;26cm
    中国科学院知识创新工程重大项目 国家自然科学基金重大项目(国家自然科学基金委员会 中国科学院 国家科学技术部资助)
    
    ISBN 978-7-03-017419-2(精装):CNY69.00
    本书记述了我国黄藻门植物5目11科21属86种5变种3变型,每个种、变种和变型都有形态描述、产地、分布和丰富得插图,所有得插图都是根据我国标本绘制的。书后附有英文检索表、参考文献、索引等。
●
相关链接 在E读中查询图书 在五车中查询图书 在当当中查询图书 在豆瓣中查询图书


正题名:中国淡水藻志     索取号:Q949.2/182:11         预约/预借

序号 登录号 条形码 馆藏地/架位号 状态 备注
1 0792869   207928698   第二样本阅览室/ [索取号:Q949.2/182:11] 在馆    
2 0792870   207928705   第三借阅区/ [索取号:Q949.2/182:11] 在馆    
唐山师范学院图书馆 欢迎您!
大连网信软件有限公司© 版权所有